Las cobras de shangai [juego] /
Guardado en:
| Formato: | Objeto Físico |
|---|---|
| Publicado: |
España :
Ruibal,
[199?]
|
| Materias: | |
| Etiquetas: |
Agregar Etiqueta
Sin Etiquetas, Sea el primero en etiquetar este registro!
|
| LEADER | 00743nrm a22001695g 4500 | ||
|---|---|---|---|
| 001 | CEM.cems019369 | ||
| 008 | 130507b199?##################0###0#####d | ||
| 005 | 20220830165601.0 | ||
| 245 | 0 | 0 | |a Las cobras de shangai [juego] / |c Ruibal |
| 260 | |a España : |b Ruibal, |c [199?] | ||
| 300 | |a 1 juego (28 armas :1 sable corvo, 2 cobras, 5 lechuzas, 5 arp.ones, 5 lanzas, 5 esp.adas, 5 bastones) ; en caja 12 x 23 x 3 cm. + manual de instrucciones | ||
| 500 | |a Para 2 ó más participantes a partir de 6 años objetivo: acumular la mayor cantidad de puntos. | ||
| 082 | 0 | 4 | |a J793 |
| 653 | |a 1. juegos de destreza | ||
| 653 | |a 2. juegos de motricidad fina | ||
| 653 | |a 3. juegos de entretenimiento general | ||
| 859 | |a CEMS |b BIB. CEMS - Ludoteca |h J793 |i R858 |p 135.97 |t Ej.1 | ||
